Elaboració del pressupost / documentació realitzada per: Fernando Herrero Arancon ; organització i coordinació: Intervenció General, Servei d'Assistència a la Gestió Econòmica Local Fernando Herrero Arancon ; organització i coordinació:
Publicado:
Barcelona :
Diputació de Barcelona. Àrea d'Hisenda i Recursos Interns. Intervenció General. Servei d'Assistència a la Gestió Econòmica Local ,
2008
Descripción Física:
25, 53, 26 p. ; 29 cm
Materias:
Pressupost -- Manuals, guies, etc.
MARC
| LEADER | 00000nam a2200000Ia 4500 | ||
|---|---|---|---|
| 001 | 21161 | ||
| 008 | 160829s2008 xx 000 0 cat d | ||
| 080 | |a M-6-139 | ||
| 100 | 1 | |a Herrero Arancón, Fernando |9 43140 | |
| 245 | |a Elaboració del pressupost / documentació realitzada per: |b Fernando Herrero Arancon ; organització i coordinació: |b Intervenció General, Servei d'Assistència a la Gestió Econòmica Local | ||
| 260 | |a Barcelona : |b Diputació de Barcelona. Àrea d'Hisenda i Recursos Interns. Intervenció General. Servei d'Assistència a la Gestió Econòmica Local, |c 2008 | ||
| 300 | |a 25, 53, 26 p. ; |c 29 cm | ||
| 650 | |a Pressupost |x Manuals, guies, etc. |9 43141 | ||
| 710 | 1 | |a Barcelona (Catalunya : Província). |b Servei d’Assistència a la Gestió Econòmica Local |9 53081 | |
| 901 | |a Arxiu | ||
| 942 | |n 1 | ||
| 952 | |0 0 |1 0 |4 0 |6 M6139 |7 1 |9 51229 |a Arxiu |b Arxiu |d 2016-12-01 |l 0 |o M-6-139 |p 21161 |r 2016-12-01 00:00:00 |w 2016-12-01 |y ARXIU | ||
| 999 | |c 55072 |d 55072 | ||